000
00293nam a22001337a 4500
008
190227b xxu||||| |||| 00| 0 eng d
020
_a
9780471389132
041
_a
eng
080
_a
573
100
_a
11
101
_a
BIO
245
_a
Cell and Molecular Biology
_c
Karp, G
942
_2
udc
_c
BK
999
_c
54360
_d
54360